| 000 | 00702nam a2200205Ii 4500 | ||
|---|---|---|---|
| 003 | JO-AjNU | ||
| 008 | 230605s9999||||xx |||||||||||||| ||und|| | ||
| 040 |
_aJO-AjNU _bara _erda _cJO-AjNU |
||
| 041 | _aara | ||
| 050 | 1 | 4 | _aHM19 .A476 2005 |
| 100 | 3 |
_aالعمر، معن خليل, _eauthor _913699 |
|
| 245 | 0 | 0 | _aعلم الاجتماع التطبيقي |
| 250 | _aط1العربية | ||
| 264 | 3 | 1 | _aعمان: دار الشروق للنشر والتوزيع، 2005 |
| 300 |
_a270ص _bيحتوي على ببلوغرافية من 263-270ص |
||
| 336 |
_atext _btxt _2rdacontent |
||
| 337 |
_aunmediated _bn _2rdamedia |
||
| 338 |
_avolume _bnc _2rdacarrier |
||
| 650 | 4 |
_aعلم الاجتماع _913700 |
|
| 999 |
_aA3478 _c7046 _d7046 |
||